00000000nam##2200000za#4500
0019.612609
003CaOODSP
00520210929082756
007ta
008150406|1995||||xxc|||||     f|0| 0 eng|d
020 |a0-662-23898-2
040 |aCaOODSP|beng
043 |an-cn---
0861 |aFo29-6/67-1995E
1101 |aCanada. |bNatural Resources Canada. |bCanadian Forest Service.
24510|aBlack stain root disease / |cby R. S. Hunt and D. J. Morrison.
260 |aVictoria - British Columbia : |bNatural Resources Canada. |c1995.
300 |a4p. : |billus., map, references ; |c28 cm.
4901 |aForest pest leaflet|v67
590 |a96-03|b1996-01-19
69007|aPlant diseases|2gcpds
7201 |aMorrison, D. J.
7201 |aHunt, R. S.
7760#|tBlack stain root disease / |w(CaOODSP)9.573497
830#0|aForest pest leaflet ;|v67|w(CaOODSP)9.514653